Die Kunst der Fingerfertigkeit

Bibliographic Details
Main Author: Czerny, Carl, 1791-1857 (Author)
Format: Book
Language:Undetermined
PhysicalDescription:177 s.
Published: Wien-Leipzig "Universal-edition"

MARC

LEADER 00000nam a2200000 a 4500
001 vtls001418154
003 SK-MaSNL
005 20260301012716.0
008 240315suuuu xx 0 und
035 |a SNK000372954 
040 |a SNK  |b slo  |c SNK  |e AACR2 
100 1 |a Czerny, Carl,  |d 1791-1857  |4 aut  |9 109122 
245 1 4 |a Die Kunst der Fingerfertigkeit 
260 |a Wien-Leipzig  |b "Universal-edition" 
300 |a 177 s. 
999 |c 554202  |d 556132 
952 |t P60, <04>, [BOOK], {604}  |a SNK  |b SNK  |y VYP  |7 0  |p 17A0309421  |o snkHIB 13841  |0 0  |1 0  |4 0  |d 2001-08-03  |l 0  |r 2005-01-02 00:00:00  |w 2026-02-23